000 00454nam a2200157 a 4500
001 1668
005 20140414131850.0
008 000825s19uu xx 00 eng d
020 _a0-88705-642-3
050 _aM 513
_bB82 1993
245 _a1234 The counting :
_blift-the-flap book /
_cillustrated by John Blackman.
260 _aWestport, C.T. :
_bWishing Well Books,
_c1993.
300 _a1 v. p. : ill. ; cm.
650 _aCounting.
999 _c110128
_d110128